Los cristianos en la Universidad

Salvato in:
Dettagli Bibliografici
Ente Autore: CELAM (Autore)
Natura: Libro
Lingua:spagnolo
Pubblicazione: Bogotá CELAM 1967
Serie:Documentos Celam, 3
Soggetti:
Tags: Aggiungi Tag
Nessun Tag, puoi essere il primo ad aggiungerne!!

MARC

LEADER 00000nam a2200000 a 4500
001 UCW6535
003 CL-VaPUC
008 920327e19670000CK |||||||||||||||||spa|d
082 0 4 |a 378  |b CEL  |2 21 
110 2 |a CELAM  |e author  |9 311565 
245 1 4 |a Los cristianos en la Universidad 
300 |a 61 p 
942 |c BK 
945 |d 19920327 00:00:00 
260 |a Bogotá  |b CELAM  |c 1967 
650 0 |a Educación superior   |9 223851 
650 0 |a Aspectos sociales  |9 254894 
650 0 |a Cristianismo  |9 257361 
650 0 |a Universidades  |9 256317 
583 |a last modification  |c 19920327 00:00:00  |k Rodrigo Vera 
490 0 |a Documentos Celam, 3 
999 |c 219564  |d 219562 
952 |0 0  |1 0  |4 0  |6 378_000000000000000_CEL_1967  |7 0  |8 P  |9 210638  |a BIBEDU  |b BIBEDU  |c BIBEDU_PB  |d 2019-11-15  |i 2787881  |o 378 CEL 1967  |p 2787881  |r 2024-01-25  |w 2019-11-15  |y BK  |k EDU 
952 |0 0  |1 0  |4 0  |6 378_000000000000000_CEL_1967  |7 0  |8 P  |9 210639  |a BIBEDU  |b BIBEDU  |c BIBEDU_PB  |d 2019-11-15  |i 1586238  |o 378 CEL 1967  |p 1586238  |r 2024-01-25  |w 2019-11-15  |y BK  |k FIL 
952 |0 0  |1 0  |4 0  |6 378_000000000000000_CEL_1967  |7 0  |8 A  |9 210640  |a BIBTEO  |b BIBTEO  |d 2019-11-15  |i 209195K  |o 378 CEL 1967  |p 209195K  |r 2025-01-17  |w 2019-11-15  |y BK  |k ICR 
952 |0 0  |1 0  |4 0  |6 378_000000000000000_CEL_1967  |7 0  |8 A  |9 210641  |a BIBTEO  |b BIBTEO  |d 2019-11-15  |i 2091968  |o 378 CEL 1967  |p 2091968  |r 2025-01-17  |w 2019-11-15  |y BK  |k ICR 
952 |0 0  |1 2  |4 0  |6 378_000000000000000_CEL_1967  |7 0  |8 A  |9 210642  |a BIBTEO  |b BIBTEO  |d 2019-11-15  |i 3146774  |o 378 CEL 1967  |p 3146774  |r 2019-11-15  |w 2019-11-15  |x Descarte 2019  |y BK  |k ICR 
952 |0 0  |1 0  |4 0  |6 378_000000000000000_CEL_1967  |7 0  |8 A  |9 210643  |a BIBTEO  |b BIBTEO  |d 2019-11-15  |i 2101815  |o 378 CEL 1967  |p 2101815  |r 2025-01-17  |w 2019-11-15  |y BK  |k ICR 
952 |0 0  |1 0  |4 0  |6 378_000000000000000_CEL_1967  |7 0  |8 X  |9 210644  |a FDOBUD  |b FDOBUD  |d 2019-11-15  |i 454711K  |o 378 CEL 1967  |p 454711K  |r 2019-11-15  |w 2019-11-15  |y BK_X  |k BUD